000 00773nam a22001815i 4500
001 156156
003 ES-MaACL
005 20230906210332.0
008 020416s1885 sp |||| | spa d
040 _aCAM
_bspa
_cCAM
100 1 _aJackson Veyán, José.
_965824
245 1 0 _aA gusto de los papás
_b: juguete cómico en un acto y en verso /
_coriginal de José Jackson Veyan.
260 _aMadrid :
_b[s.n.],
_c1885 (
_festablecimiento tipográfico de M.P. Montoya y Compañía)
300 _a34 p. ;
_c20 cm.
500 1 _aEstrenado el 27 de marzo de 1885, en el teatro de Eslava.
596 1 _aEn verso de port. consta: "... de la Biblioteca lírico-dramática de Enrique Arregui ..."
852 _aES-MaACL
_jF-4094(6)
_z-- Enc. hol.
_q-- Falto de la cub. original
999 _c156156
_d156156